000 00563nam a2200193 a 4500
003 SISC
005 20170126092829.0
008 110929s19uu xx 00 eng d
020 _a9780071221221
050 _aHD 62.5
_b.B199 2011
100 _aBamford, Charles.
245 _aEntrepreneurship :
_ba small business approach /
_cCharles Bamformd.
260 _aBoston :
_bMcGraw Hill,
_c2011.
300 _a347 pages :
_bcolor illustrations ;
_c27 cm.
650 _aEntrepreneurship.
650 _aBusiness planning
942 _cBK
_2lcc
_kFOR
999 _c39680
_d39680